Statistics for NBA Leading Scorer For Every Team

Click here to take the quiz!

General Stats

  • This quiz has been taken 42 times
  • The average score is 21 of 30

Answer Stats

TeamTotal PointsPlayer% Correct
Atlanta Hawks23,292Dominique Wilkins
94%
Cleveland Cavaliers23,119Lebron James
94%
Chicago Bulls29,277Michael Jordan
94%
Dallas Mavericks31,560Dirk Nowitzki
91%
Golden State Warriors20,867Stephen Curry
91%
Miami Heat21,556Dwyane Wade
85%
Detroit Pistons18,822Isaiah Thomas
85%
Minnesota Timberwolves19,201Kevin Garnett
85%
Los Angeles Lakers33,643Kobe Bryant
85%
Indiana Pacers25,279Reggie Miller
85%
Milwaukee Bucks15,406Giannis Antetokounmpo
82%
Houston Rockets26,511Hakeem Olajuwon
82%
New York Knicks23,665Patrick Ewing
82%
Oklahoma City Thunder18,859Russell Westbrook
79%
San Antonio Spurs26,496Tim Duncan
79%
New Orleans Pelicans11,059Anthony Davis
76%
Boston Celtics26,395John Havlicek
76%
Portland Trail Blazers18,278Damian Lillard
73%
Utah Jazz36,374Karl Malone
73%
Orlando Magic11,435Dwight Howard
70%
Charlotte Hornets12,009Kemba Walker
70%
Brooklyn Nets10,444Brook Lopez
64%
Toronto Raptors13,296Demar DeRozan
58%
Denver Nuggets21,645Alex English
55%
Memphis Grizzlies11,733Mike Conley
55%
Sacramento Kings22,009Oscar Robertson
55%
Washington Wizards15,551Elvin Hayes
42%
Philadelphia 76ers21,586Hal Greer
24%
Los Angeles Clippers12,735Randy Smith
21%
Phoenix Suns15,666Walter Davis
21%

Score Distribution

Percentile by Number Answered

Percent of People with Each Score

Your Score History

You have not taken this quiz